| 000 -CABECERA |
| fixed length control field |
00870nam a22001937a 4500 |
| 003 - IDENTIFICADOR DEL NÚMERO DE CONTROL |
| control field |
AR-CdUCM |
| 008 - DATOS DE LONGITUD FIJA--INFORMACIÓN GENERAL |
| fixed length control field |
190328b ||||| |||| 00| 0 spa d |
| 040 ## - FUENTE DE LA CATALOGACIÓN |
| Agencia/entidad que catalogó originalmente la obra |
MUNICIPALIDAD PROVINCIAL DEL CUSCO |
| Entidad que transcribió la catalogación |
BIBLIOTECA MUNICIPAL DEL CUSCO |
| 082 ## - NÚMERO DE LA CLASIFICACIÓN DECIMAL DEWEY |
| No. de Clasificación |
335.6 / |
| Notacion interna |
D44 / 1941 |
| 110 ## - ENTRADA PRINCIPAL--NOMBRE DE ENTIDAD CORPORATIVA |
| Nombre de la institución, jurisdicción como entrada principal |
Sociedad de Relaciones Culturales de la U. R. S. .S. con el Extranjero (voks) |
| 9 (RLIN) |
26257 |
| 245 ## - MENCIÓN DE TÍTULO |
| Título |
En Defensa de la Civilización Contra la Barbarie Fascista : |
| Resto del título |
Recopilación de Opiniones, Cartas y Telegramas de figuras representativas de la Ciencia y el Arte / |
| 260 ## - PUBLICACIÓN, DISTRIBUCIÓN, ETC. |
| Lugar de publicación, distribución, etc. |
Moscú : |
| Nombre de la editorial, distribuidor, etc. |
Union of Soviet Socialist Republics ; |
| Fecha de publicación, distribución, etc. |
1941. |
| 300 ## - DESCRIPCIÓN FÍSICA |
| Nº de Páginas Extensión |
104 páginas ; |
| Otros detalles físicos |
Fotografías b/n |
| Dimensiones |
21cm |
| 505 ## - NOTA DE CONTENIDO CON FORMATO |
| Nota de contenido formateada |
Contenido: Los hombres de vanguardia de la U.R.S.S en la lucha contra el fascismo |
| 650 ## - PUNTO DE ACCESO ADICIONAL DE MATERIA--TÉRMINO DE MATERIA |
| Descriptor |
Fascismo |
| 9 (RLIN) |
3453 |
| 650 ## - PUNTO DE ACCESO ADICIONAL DE MATERIA--TÉRMINO DE MATERIA |
| Descriptor |
Unión Soviética |
| 9 (RLIN) |
496 |
| 942 ## - ELEMENTOS DE PUNTO DE ACCESO ADICIONAL (KOHA) |
| Fuente de clasificación |
|
| Tipo de item |
Libros-BMC |
| 945 ## - PROCESAMIENTO DE INFORMACIÓN LOCAL (OCLC) |
| Catalogador |
nom |